| 000 | 00927nam a22002177a 4500 | ||
|---|---|---|---|
| 005 | 20260224110019.0 | ||
| 008 | 240509b ||||| |||| 00| 0 eng d | ||
| 082 | _aDper 647.94068 In821 April-May 2019 v. 78-79 | ||
| 100 |
_aWang, Sha. _eauthor. _956972 |
||
| 245 |
_aMotivations for entrepreneurship in the tourism and hospitality sector : _ba social cognitive theory perspective / _cSha Wang, Kam Hung, and Wei-Jue Huang. |
||
| 260 |
_aAmsterdam ; _bElsevier , _cApril 2019. |
||
| 300 |
_aVolume 78, pages 78-88 : _billustrations ; _c28 cm. |
||
| 500 | _aInternational Journal of Hospitality Management, vol. 78, pages 77-88, April 2019. | ||
| 650 | 0 |
_aBusiness orientation. _968611 |
|
| 650 | 0 |
_aLifestyle orientation. _968612 |
|
| 650 | 0 |
_aSocial cognitive theory. _968613 |
|
| 700 |
_aWang, Sha. _eauthor. _954576 |
||
| 700 |
_aHung, Kam. _eauthor. _956973 |
||
| 700 |
_aHuang, Wei-Jue. _eauthor. _956974 |
||
| 942 |
_2ddc _cPER |
||
| 999 |
_c20261 _d20261 |
||